Hogares allegados y viviendas populares /

La existencia de personas, familias u hogares allegados, tanto en áreas urbanas como en villorrios rurales, es una aspecto en el cual coinciden diversos estudios realizados en los últimos años sobre condiciones de vida de los pobladores. Constituye un tema de creciente preocupación tanto por la magn...

Full description

Bibliographic Details
Main Author: Rodríguez, Alfredo
Format: Analitica de revista
Language:Spanish
Published: Santiago, Chile SUR 1987
Subjects:

MARC

LEADER 00000cab a2200000 a 4500
001 037589
003 UAHC_CL
005 20171122125054.0
008 140120s1986 cl 000 spa
952 |0 0  |1 0  |4 0  |6 PROPOSICIONES_13_87_000000000000000  |7 0  |8 COMP  |9 71605  |a BC  |b BC  |c COMP  |d 2017-08-03  |l 0  |o PROPOSICIONES-13/87  |r 2017-08-03 00:00:00  |t 1  |w 2017-08-03  |y REVA 
999 |c 37589  |d 37589 
040 |a UAHC_CL  |c UAHC_CL  |d UAHC_CL 
100 1 |a Rodríguez, Alfredo 
245 1 0 |a Hogares allegados y viviendas populares /  |c Alfredo Rodríguez. 
260 |b SUR  |c 1987  |a Santiago, Chile 
300 |a pp. 46-77 
310 |a Anual. 
362 0 |a Año 1, no. 1 (nov. 2002)- . 
362 0 |a Año 1, no. 1 (nov. 2002)- . 
500 |a En: Proposiciones. no. 13, 1987. pp. 46-77. ISSN. 956208051X. 
520 |a La existencia de personas, familias u hogares allegados, tanto en áreas urbanas como en villorrios rurales, es una aspecto en el cual coinciden diversos estudios realizados en los últimos años sobre condiciones de vida de los pobladores. Constituye un tema de creciente preocupación tanto por la magnitud que alcanza este problema como por su manifestación en tomas de terrenos en las cuales han participado mayoritariamente familias allegadas. 
650 4 |a VIVIENDAS SOCIALES  |x ASPECTOS SOCIALES  |z CHILE 
650 4 |a Allegados  |z Chile 
900 |a PROPOSICIONES-13/87 
942 |c REVA  |2 ddc